Динамизм инноваций как фактор экономического развития общества; Экономика России в XXI веке

Библиографические подробности
Источник:Экономика России в XXI веке.— 2006.— С. 8-9
Главный автор: Колупаева В. А. Валентина Александровна
Язык:русский
Опубликовано: 2006
Предметы:
Формат: MixedMaterials Статья
Запись в KOHA:https://koha.lib.tpu.ru/cgi-bin/koha/opac-detail.pl?biblionumber=121958

MARC

LEADER 00000naa2a2200000 4500
001 121958
005 20231031125752.0
035 |a (RuTPU)RU\TPU\book\132068 
090 |a 121958 
100 |a 20070924d2006 k y0rusy50 ca 
101 0 |a rus 
102 |a RU 
200 1 |a Динамизм инноваций как фактор экономического развития общества  |f В. А. Колупаева 
463 0 |0 (RuTPU)RU\TPU\book\116890  |t Экономика России в XXI веке  |o сборник научных трудов III Всероссийской научно-практической конференции "Теоретические проблемы экономической безопасности России в XXI веке"  |f Томский политехнический университет, Инженерно-экономический факультет; под ред. Г. А. Барышевой, Л. М. Борисовой  |v С. 8-9  |d 2006  |p 340 с. 
610 1 |a инновации 
610 1 |a общество 
610 1 |a экономическое развитие 
610 1 |a модернизация производства 
610 1 |a труды учёных ТПУ 
700 1 |a Колупаева  |b В. А.  |c российский экономист  |c доцент Томского политехнического университета, кандидат экономических наук  |f 1938-  |g Валентина Александровна  |2 stltpush  |3 (RuTPU)RU\TPU\pers\25431 
801 1 |a RU  |b 63413507  |c 20070924  |g PSBO 
801 2 |a RU  |b 63413507  |c 20191216  |g RCR 
942 |c BK